|
|
|
|
| LEADER |
00000nam0a2200000 4500 |
| 001 |
295511 |
| 005 |
20231102000821.0 |
| 020 |
|
|
|a RU
|b 84-46398
|
| 035 |
|
|
|a (RuTPU)RU\TPU\book\320589
|
| 090 |
|
|
|a 295511
|
| 100 |
|
|
|a 20150522d1984 k y0rusy5003 ca
|
| 101 |
0 |
|
|a rus
|
| 102 |
|
|
|a RU
|
| 105 |
|
|
|a a z 001zy
|
| 200 |
1 |
|
|a Трансформация цвета при изменении освещения
|f В. В. Максимов
|g Академия наук СССР (АН СССР), Институт проблем передачи информации (ИППИ) ; под ред. А. Л. Бызова
|
| 210 |
|
|
|a Москва
|c Наука
|d 1984
|
| 215 |
|
|
|a 161 с.
|c ил.
|
| 320 |
|
|
|a Библиогр.: с. 154-160
|
| 606 |
1 |
|
|a Зрение цветовое
|2 stltpush
|3 (RuTPU)RU\TPU\subj\11928
|9 38799
|
| 610 |
1 |
|
|a восприятие
|
| 610 |
1 |
|
|a цвет
|
| 610 |
1 |
|
|a трансформация
|
| 610 |
1 |
|
|a освещение
|
| 610 |
1 |
|
|a физиология
|
| 610 |
1 |
|
|a спектральный состав
|
| 610 |
1 |
|
|a зрительный анализ
|
| 610 |
1 |
|
|a цветоведение
|
| 675 |
|
|
|a 612.84
|z rus
|v 3
|
| 700 |
|
1 |
|a Максимов
|b В. В.
|g Вадим Викторович
|4 070
|
| 702 |
|
1 |
|a Бызов
|b А. Л.
|4 340
|
| 712 |
0 |
2 |
|a Академия наук СССР (АН СССР)
|b Институт проблем передачи информации (ИППИ)
|c (Москва)
|2 stltpush
|3 (RuTPU)RU\TPU\col\12444
|
| 801 |
|
0 |
|a RU
|b RuMRKP
|c 19950704
|g psbo
|
| 801 |
|
1 |
|a RU
|b 63413507
|c 20150522
|
| 801 |
|
2 |
|a RU
|b 63413507
|c 20170109
|g RCR
|
| 942 |
|
|
|c BK
|